| 000 | | | 06961cbm0a2200409#x 450 |
| 001 | | | 3a0f215f-e6bd-4629-a703-b55c854f38c7 |
| 005 | | | 20210624124239.0 |
| 100 | ## | $a | 20210528j19400902k###0rusy50 ca |
| 101 | 0# | $a | rus |
| 102 | ## | $a | DE |
| 122 | 0# | $a | d19400902## |
| 200 | 1# | $a | Шифртелеграмма полпреда СССР в Германии А. А. Шкварцева наркому иностранных дел СССР В. М. Молотову о беседе с министром иностранных дел Германии И. фон Риббентропом о советско-финских отношениях, компенсации Германии за Сувалкскую область Литвы и решениях второго Венского арбитража |
| | $j | 2 сентября 1940 г. |
| 251 | ## | $c | Документ |
| 300 | ## | $a | Заверенная копия |
| 461 | #0 | $1 | 2001 |
| | $a | Ф. 059 |
| | $1 | 251 |
| | $c | Фонд |
| | $1 | 852 |
| | $j | 059 |
| 462 | #0 | $1 | 2001 |
| | $a | Оп. 1. П. 316 |
| | $1 | 251 |
| | $c | Опись |
| | $1 | 852 |
| | $j | 1. П. 316 |
| 462 | #0 | $1 | 2001 |
| | $a | Д. 2176 |
| | $v | Л. 185-187 |
| | $1 | 251 |
| | $c | Дело |
| | $1 | 852 |
| | $j | 2176 |
| 600 | #1 | $2 | nlr_sh |
| | $3 | RU\NLR\AUTH\66998405 |
| | $a | Риббентроп |
| | $b | И. |
| | $g | Иоахим фон |
| | $f | 1893 - 1946 |
| | $j | Документы и материалы |
| 601 | 02 | $2 | prlib_sh |
| | $3 | LIBNET\UAF\0000095992 |
| | $a | Венский арбитраж |
| | $d | 2 |
| | $z | 1940 |
| | $j | Документы и материалы |
| 605 | ## | $2 | prlib_sh |
| | $3 | LIBNET\UAF\0000088514 |
| | $a | Вторая мировая война в архивных документах (Комплекс оцифрованных архивных документов, кино- и фотоматериалов) |
| | $l | коллекция |
| 606 | 1# | $2 | prlib_sh |
| | $3 | LIBNET\UAF\0000095993 |
| | $a | Территориальные споры |
| | $y | Германия |
| | $z | 1940 |
| | $j | Документы и материалы |
| 606 | 1# | $2 | prlib_sh |
| | $3 | LIBNET\UAF\0000095942 |
| | $a | Территориальные споры |
| | $y | Финляндия |
| | $z | 1940 |
| | $j | Документы и материалы |
| 607 | ## | $2 | nlr_sh |
| | $3 | RU\NLR\AUTH\661432193 |
| | $a | Сувалкская область (Польша) |
| | $x | История |
| | $z | 20 в. |
| | $j | Документы и материалы |
| 607 | ## | $2 | prlib_sh |
| | $3 | LIBNET\UAF\0000094214 |
| | $a | Германия |
| | $x | Внешняя политика |
| | $y | СССР |
| | $z | 1940 |
| | $j | Документы и материалы |
| 607 | ## | $2 | prlib_sh |
| | $3 | LIBNET\UAF\0000095147 |
| | $a | СССР |
| | $x | Внешняя политика |
| | $y | Германия |
| | $z | 1940 |
| | $j | Документы и материалы |
| 617 | ## | $2 | prlib_sh |
| | $a | СССР |
| | $f | 1940 |
| 617 | ## | $2 | prlib_sh |
| | $a | Германия |
| | $f | 1940 |
| 617 | ## | $2 | prlib_sh |
| | $a | Финляндия |
| | $f | 1940 |
| 686 | ## | $a | 63.3(4Гем)62-6ю11 |
| | $v | LBC/M |
| | $2 | rubbk |
| 686 | ## | $a | 63.3(4Фин)6-6ю11 |
| | $v | LBC/M |
| | $2 | rubbk |
| 686 | ## | $a | 63.3(2)621-6ю11 |
| | $v | LBC/M |
| | $2 | rubbk |
| 801 | #0 | $a | RU |
| | $b | ПБ им. Б.Н. Ельцина |
| | $c | 20210528 |
| 801 | #1 | $a | RU |
| | $b | ПБ им. Б.Н. Ельцина |
| | $c | 20210528 |
| | $2 | rusmarc |
| 801 | #2 | $a | RU |
| | $b | ПБ им. Б.Н. Ельцина |
| | $c | 20210624 |
| | $2 | rusmarc |
| 850 | ## | $a | Архив внешней политики Российской Федерации |
| 852 | ## | $a | АВП РФ |
| | $j | Л. 185-187 |
| 856 | 4# | $n | ПБ им. Б.Н. Ельцина |
| | $u | http://readingroom.main.prlib.ru/item.aspx?id_node=n165217517&mode=full |
| 035 | ## | $a | LIBNET\0001156977 |
| 937 | ## | $d | 165217517 |
| | $h | Федеральное архивное агентство |